| 000 | 00855nam a2200229 a 4500 | ||
|---|---|---|---|
| 001 | 000015279 | ||
| 005 | 20240530073933.0 | ||
| 008 | 100204s2001 dr 001 e spa d | ||
| 020 | _a999340232X | ||
| 040 |
_aDO-SdBNP _bspa _cBNPHU |
||
| 082 |
_aRD864.44 _bF825e |
||
| 100 | 1 |
_aFranco, Franklin J., _d1936- _934417 |
|
| 245 | 1 | 0 |
_aEnsayos profanos : _bsobre racismo, pesimismo e izquierdismo / _cFranklin Franco Pichardo. |
| 260 |
_aSanto Domingo : _bSociedad Editorial Dominicana, _c2001. _fMediabyte |
||
| 300 |
_a148 p. ; _c17 cm. |
||
| 650 | 0 |
_aEnsayos dominicanos _965 |
|
| 650 | 4 |
_aRacismo _xEnsayos, conferencias, etc. _934559 |
|
| 650 | 4 |
_aPesimismo _xEnsayos, conferencias, etc. _934560 |
|
| 650 | 4 |
_aIzquierdas (polĂtica) _xEnsayos, conferencias, etc. _934561 |
|
| 650 | 0 |
_aLiteratura dominicana. _967 |
|
| 910 | _aValidado. Control de calidad EMS | ||
| 999 |
_c14845 _d14845 |
||